000 00736nam a2200253Ia 4500
003 OSt
005 20220928112515.0
006 a|||||r|||| 00| 0
007 ta
008 220927b |||||||| |||| 00| 0 eng d
020 _c398.64999999999998
024 _a119908
037 _b164, 18/10/2013, Classic Book Service
_cTextual
040 _aSDCL
_cSDCL
_beng
041 _2eng
_aeng
082 _aS, P6
100 _aDyer Colin
245 0 _aResearch in psychology
_b A practical guide to methods and statistics.
260 _aDelhi
_bWiley
_c2006
300 _aix;325
_ccm.
650 _aPsychology
942 _hS, P6
_cTEXL
_2CC
999 _c745004
_d745004